000 01154naa a22003257a 4500
001 BR8002829
003 BR-BrBNA
005 20240918174558.0
007 ta
008 230509b bl.||||| |||| 00| 0 por d
040 _aBR-BrBNA
_bpor
_cBiblioteca Nacional de Agricultura
041 _a(Pt)
072 _aL00; E30
_b5212
_b5300
_b5240
_b5100
_b6100
_bG514
090 _aL00 BR8002829
100 1 _aVelloso, L.
111 1 _a5. Semana de Zootecnia
_cPirassununga, SP (Brazil)
_d8 Dec 1980
245 1 _aAdequacao de prioridades em programas zootecnicos para o Brasil
260 3 _aPirassununga, SP (Brasil):
_c1980.
500 _a5. Semana de zootecnia. Genetica e reproducao animal, producao animal Pirassununga, SP (Brasil): 1980. p. 63-74 (BR8002829-AM)L00
650 _aProjeto de desenvolvimento
650 _aBovino
650 _aSuino
650 _aOvino
650 _aEquino
650 _aGalinha
650 _aZootecnia
773 0 _t5. Semana de zootecnia. Genetica e reproducao animal, producao animal
_wL00 BR8002829
_gPirassununga, SP (Brasil), 1980. p. 63-74
909 _a202404
_bLucia
_c55
_dLucia Elande
942 _cAM
_2AGRIS
999 _c312122
_d312122